| 000 -LEADER |
| fixed length control field |
00833nam a2200265Ia 4500 |
| 001 - CONTROL NUMBER |
| control field |
21361 |
| 003 - CONTROL NUMBER IDENTIFIER |
| control field |
GE_BSU |
| 005 - DATE AND TIME OF LATEST TRANSACTION |
| control field |
20211029170248.0 |
| 008 - FIXED-LENGTH DATA ELEMENTS--GENERAL INFORMATION |
| fixed length control field |
181216s2008||||enk|||||||||||||| ||eng|| |
| 020 ## - INTERNATIONAL STANDARD BOOK NUMBER |
| International Standard Book Number |
9781859649749 |
| 040 ## - CATALOGING SOURCE |
| Transcribing agency |
GE_BSU |
| 080 ## - UNIVERSAL DECIMAL CLASSIFICATION NUMBER |
| Universal Decimal Classification number |
621+811.111 M-85 |
| 100 ## - MAIN ENTRY--PERSONAL NAME |
| Personal name |
Morgan, David |
| 9 (RLIN) |
12764 |
| 245 ## - TITLE STATEMENT |
| Title |
Take-Off Technical English for Engineering : |
| Remainder of title |
Course book / |
| Statement of responsibility, etc. |
David Morgan, Nikolas Regan. |
| 264 ## - PRODUCTION, PUBLICATION, DISTRIBUTION, MANUFACTURE, AND COPYRIGHT NOTICE |
| Place of production, publication, distribution, manufacture |
UK : |
| Name of producer, publisher, distributor, manufacturer |
Garnet Publishing, |
| Date of production, publication, distribution, manufacture, or copyright notice |
2008. |
| 300 ## - PHYSICAL DESCRIPTION |
| Extent |
321 p. : |
| Other physical details |
ill. ; |
| Dimensions |
28 cm. |
| Accompanying material |
+3cd. |
| 653 ## - INDEX TERM--UNCONTROLLED |
| keyword |
Course book |
| 653 ## - INDEX TERM--UNCONTROLLED |
| keyword |
Take-Off |
| 653 ## - INDEX TERM--UNCONTROLLED |
| keyword |
Technical English for Engineering |
| 653 ## - INDEX TERM--UNCONTROLLED |
| keyword |
Инженерные технологии |
| 653 ## - INDEX TERM--UNCONTROLLED |
| keyword |
საიჟინრო ტექნოლოგიები |
| 700 ## - ADDED ENTRY--PERSONAL NAME |
| Personal name |
Regan, Nikolas |
| Relator term |
by |
| 9 (RLIN) |
12765 |
| 942 ## - ADDED ENTRY ELEMENTS (KOHA) |
| Koha item type |
წიგნი |
| Source of classification or shelving scheme |
|